| 000 | 00493nam a22001937a 4500 | ||
|---|---|---|---|
| 003 | CEME | ||
| 005 | 20210628202135.0 | ||
| 008 | 210225b xxu||||| |||| 00| 0 eng d | ||
| 020 | _a0-632-05283-X | ||
| 040 | _c. | ||
| 082 | _a629.133352 SED | ||
| 100 |
_aSeddon, John Newman, Simon _958423 |
||
| 245 | _aBasic helicopter aerodynamics | ||
| 250 | _a2ND | ||
| 260 |
_aUSA _bBLACKWELL SCIENCE _c2002 |
||
| 300 | _aXXI,158P | ||
| 650 |
_aHELICOPTER AERODYNAMICS _958424 |
||
| 942 |
_cBK _2ddc |
||
| 999 |
_c568622 _d568622 |
||